[Event "Aguascalientes"]
[Site "Aguascalientes"]
[Date "2009.08.16"]
[Round "7"]
[White "Ornelas Lopez, Fernando Mauricio"]
[Black "Rivera Flores, Jorge Alberto"]
[Result "1/2-1/2"]
[WhiteElo "1919"]
[BlackElo "2006"]
[PlyCount "61"]
[EventDate "2009.08.14"]
[EventType "tourn"]
[EventRounds "9"]
[EventCountry "MEX"]
[SourceTitle "EXT 2024"]
[Source "ChessBase"]
[SourceDate "2023.10.10"]
[SourceVersion "1"]
[SourceVersionDate "2023.10.10"]
[SourceQuality "1"]

1. e4 c5 2. Nf3 d6 3. d4 cxd4 4. Nxd4 Nf6 5. Nc3 g6 6. Be3 Bg7 7. f3 0-0 8. Qd2 Nc6 9. Bc4 Bd7 10. 0-0-0 Rc8 11. Bb3 Ne5 12. h4 h5 13. g4 hxg4 14. h5 Nxh5 15. Bh6 e6 16. Rdg1 Qf6 17. Bxg7 Qxg7 18. fxg4 Nf6 19. Qe2 Nexg4 20. Rh4 Ne5 21. Qh2 Rc5 22. Rh1 Nh5 23. Nde2 Qh6+ 24. Kb1 Nf3 25. Qxd6 Nxh4 26. Qxc5 Nf3 27. Ng3 Qg5 28. Qxg5 Nxg5 29. Nxh5 gxh5 30. Rxh5 Nf3 31. Kc1 1/2-1/2

[Event "Aguascalientes"]
[Site "Aguascalientes"]
[Date "2009.08.16"]
[Round "9"]
[White "Rivera Flores, Jorge Alberto"]
[Black "Lopez Ibarra, Ricardo"]
[Result "1-0"]
[WhiteElo "2006"]
[BlackElo "1491"]
[PlyCount "43"]
[EventDate "2009.08.14"]
[EventType "tourn"]
[EventRounds "9"]
[EventCountry "MEX"]
[SourceTitle "EXT 2024"]
[Source "ChessBase"]
[SourceDate "2023.10.10"]
[SourceVersion "1"]
[SourceVersionDate "2023.10.10"]
[SourceQuality "1"]

1. e4 c5 2. Nf3 Nc6 3. c3 d6 4. g3 Nf6 5. d3 e6 6. Bg2 Be7 7. 0-0 0-0 8. Re1 Bd7 9. Nbd2 Qc7 10. Nf1 Rfc8 11. h4 h5 12. Bf4 e5 13. Bg5 Ng4 14. Be3 f5 15. Ng5 Rf8 16. exf5 Rxf5 17. Be4 Rff8 18. Qb3+ Kh8 19. Nf7+ Kg8 20. Nh6+ Kh8 21. Qg8+ Rxg8 22. Nf7# 1-0